[Event "SVK-chT2C 0607"]
[Site "Slovakia"]
[Date "2007.01.13"]
[Round "7.1"]
[White "Petko, Vladimir"]
[Black "Dancik, Vladimir"]
[Result "1-0"]
[WhiteElo "1907"]
[BlackElo "1367"]
[PlyCount "57"]
[EventDate "2006.10.14"]
[EventType "team-tourn"]
[EventRounds "11"]
[EventCountry "SVK"]
[SourceTitle "EXT 2008"]
[Source "ChessBase"]
[SourceDate "2007.11.25"]
[SourceVersion "1"]
[SourceVersionDate "2007.11.25"]
[SourceQuality "1"]
[WhiteTeam "Martin MSK"]
[BlackTeam "Podbrezova ZP Sport"]
[WhiteTeamCountry "SVK"]
[BlackTeamCountry "SVK"]

1. e4 c5 2. f4 d6 3. Nf3 Nc6 4. Nc3 Nf6 5. g3 g6 6. d3 Bg7 7. Bg2 b6 8. e5 dxe5 9. fxe5 Nd5 10. 0-0 Be6 11. Qe1 0-0 12. a3 a5 13. Nb5 Nc7 14. Ng5 Qd7 15. Nxc7 Qxc7 16. Nxe6 fxe6 17. Bf4 Rf7 18. Qe4 Rc8 19. Bh3 Nd4 20. c3 Nf5 21. g4 Nh6 22. Bxh6 Bxh6 23. g5 Rxf1+ 24. Rxf1 Bxg5 25. Bxe6+ Kh8 26. Bxc8 Qxc8 27. Kg2 Qe6 28. Qa8+ Kg7 29. Qf8# 1-0